| 000 | 01265cam a22002055a 4500 | ||
|---|---|---|---|
| 001 | L155274 | ||
| 008 | 120314s1731 xxk f 000 0 eng d | ||
| 035 | _a(Sirsi) u155274 | ||
| 041 | 0 | _aeng | |
| 100 | 1 |
_aOgilby, John _d1600-1676 |
|
| 245 | 0 | 0 |
_aBritannia depicta _bor Ogilby improv'd; being a correct coppy of Mr. Ogilby's Actual survey of all ye direct & principal cross roads in England and Wales: ... And to render this work universally usefull & agreeable, ... are added ... 1. A full & particular description & account of all the cities, borough-towns, towns-corporate ... By Ino. Owen ... 2. The arms of the peers of this realm ... 3. The arms of all ye bishopricks & deanaries, ... 4. The arms, & a succinct account of both universities & their respective colleges, ... Lastly particular & correct maps of all ye counties of South Britain; with a summary description of each county, ... By Eman: Bowen engraver |
| 250 | _aThe fourth edition | ||
| 260 |
_a[London] _bPrinted & sold by Tho: Bowles in St. Pauls Ch. Yard _c1731 |
||
| 300 |
_a[6], 273, [1] p. _bill. _c4o |
||
| 520 | _aEngraved throughout. | ||
| 583 |
_aCondition reviewed _c20120620 _lcondition level 1 |
||
| 651 | 4 |
_aGreat Britain _y1707- |
|
| 690 |
_aInfrastructure _96246 |
||
| 942 | _n0 | ||
| 999 |
_c113444 _d113444 |
||